[Event "ThEM  Meisterturnier"]
[Site "?"]
[Date "2000.04.23"]
[Round "7"]
[White "Seidel, Thomas"]
[Black "Rohmeiß, Roberto"]
[Result "1/2-1/2"]
[WhiteElo "1923"]
[BlackElo "2153"]
[PlyCount "141"]
[EventDate "2000.??.??"]

1. e4 Nf6 2. e5 Nd5 3. d4 d6 4. Nf3 g6 5. exd6 cxd6 6. c3 Bg7 7. Bd3 O-O 8. O-O
Nc6 9. Bg5 Qc7 10. Nbd2 e5 11. dxe5 dxe5 12. Nb3 Nf4 13. Be4 Ne6 14. Bc1 Ne7
15. Qe2 f5 16. Bc2 a5 17. Ng5 a4 18. Nxe6 Bxe6 19. Nd2 a3 20. Bb3 Bxb3 21. Nxb3
Nd5 22. Qb5 Qc6 23. Qxc6 bxc6 24. bxa3 Nxc3 25. Bb2 e4 26. Bxc3 Bxc3 27. Rac1
Bg7 28. Rxc6 Rxa3 29. Rc2 Rfa8 30. Nc1 Bh6 31. g3 Bxc1 32. Rfxc1 Rxa2 33. Rxa2
Rxa2 34. Rc7 h6 35. h4 Ra6 36. Kg2 Rf6 37. Rc4 Kg7 38. Ra4 Re6 39. Ra3 Kf6 40.
Rb3 Rd6 41. Rb2 h5 42. Rb4 g5 43. hxg5+ Kxg5 44. Rb8 Rd2 45. Rg8+ Kf6 46. Re8
Rd6 47. Rh8 Kg5 48. Rf8 Rg6 49. Kf1 Kg4 50. Ke2 h4 51. gxh4 Kf4 52. Ra8 Rh6 53.
Ra5 Rxh4 54. Ra4 Rh3 55. Ra5 Rb3 56. Kf1 Kg4 57. Re5 Ra3 58. Kg2 Ra2 59. Kf1 f4
60. Rxe4 Kf3 61. Re1 Rxf2+ 62. Kg1 Ra2 63. Re8 Ra1+ 64. Kh2 Kf2 65. Rb8 Re1 66.
Kh3 f3 67. Kh2 Re7 68. Rb2+ Re2 69. Rb8 Kf1+ 70. Kg3 f2 71. Kf3 1/2-1/2

[Event "ThEM  Hauptturnier"]
[Site "?"]
[Date "2000.04.23"]
[Round "8"]
[White "Dorn, Karl-Heinz"]
[Black "Wiegner, Denis"]
[Result "0-1"]
[WhiteElo "2003"]
[BlackElo "2194"]
[PlyCount "146"]
[EventDate "2000.??.??"]

1. e4 e6 2. d3 d5 3. Nd2 c5 4. Ngf3 Nc6 5. g3 g6 6. Bg2 Bg7 7. O-O Nge7 8. Re1
O-O 9. h4 h6 10. Qe2 b5 11. Nf1 Nd4 12. Nxd4 cxd4 13. e5 Nc6 14. Nh2 Nxe5 15.
Bxh6 Bxh6 16. Qxe5 Bg7 17. Qg5 Qxg5 18. hxg5 a5 19. Ng4 Ba6 20. f4 Rfc8 21. Re2
Rc7 22. Rf1 b4 23. b3 a4 24. Rff2 Bb5 25. Bf1 axb3 26. axb3 Ra1 27. Rd2 Kf8 28.
Kg2 Ke7 29. Kg1 Rc1 30. Kg2 Ra7 31. Be2 Ra2 32. Bd1 Rb1 33. Be2 Rxb3 34. cxb3
Rxd2 35. Bf1 Rxf2+ 36. Nxf2 f6 37. gxf6+ Kxf6 38. Be2 g5 39. fxg5+ Kxg5 40.
Nh3+ Kf6 41. Nf2 e5 42. Kf3 Bc6 43. Bd1 Kf5 44. Bc2 Bh6 45. g4+ Kf6 46. Nh3 Be3
47. Bb1 Be8 48. Bc2 Bf7 49. Bd1 Bg6 50. Bc2 Bh7 51. Bb1 Bg8 52. Bc2 Be6 53. Bd1
Ke7 54. Bc2 Kd6 55. Bd1 Bf7 56. Bc2 Kc5 57. Bd1 Bg6 58. Bc2 Bh7 59. Bb1 Bg8 60.
Bc2 e4+ 61. Ke2 Bh7 62. Bb1 Kd6 63. Bc2 Ke5 64. Bb1 Bg8 65. g5 Be6 66. Nf2 Bxf2
67. Kxf2 Bf5 68. Ke2 Kf4 69. Bc2 Kxg5 70. Bb1 Kf4 71. Bc2 exd3+ 72. Bxd3 Bxd3+
73. Kxd3 Ke5 0-1

[Event "ThEM  Hauptturnier"]
[Site "?"]
[Date "2000.04.23"]
[Round "8"]
[White "Gräf, Michael"]
[Black "Aepfler, Christian"]
[Result "0-1"]
[WhiteElo "1920"]
[BlackElo "2168"]
[PlyCount "156"]
[EventDate "2000.??.??"]

1. d4 d6 2. Nf3 Bg4 3. Nbd2 Nd7 4. c3 c6 5. Qb3 Qb6 6. Qxb6 axb6 7. e4 Ngf6 8.
Bd3 g6 9. O-O Bh6 10. a3 b5 11. h3 Bxf3 12. Nxf3 Bxc1 13. Raxc1 O-O 14. Rfe1 e6
15. e5 dxe5 16. Nxe5 Nxe5 17. Rxe5 Rfd8 18. Bf1 Nd7 19. Re3 Nb6 20. g3 Ra5 21.
Re5 Kg7 22. Kg2 Raa8 23. f4 h5 24. Rc2 Nd5 25. Kf3 Kf6 26. Rc1 Rac8 27. Rc2 Ne7
28. Rc1 Nf5 29. Bd3 Nd6 30. Bf1 b6 31. Rd1 Ke7 32. Rde1 Kf6 33. Rd1 Nf5 34. Bd3
Ne7 35. Bf1 Rd5 36. Rde1 Rcd8 37. Rd1 Kg7 38. Rde1 Rxe5 39. Rxe5 Kf6 40. Re1
Nf5 41. Re5 Nd6 42. Be2 Ra8 43. Bd3 Ke7 44. Re1 Rc8 45. Re3 Kf6 46. Re5 c5 47.
dxc5 bxc5 48. Re1 c4 49. Bc2 Rc5 50. Rd1 Ke7 51. Rd2 f5 52. h4 Ne8 53. Re2 Nf6
54. Re5 Nd5 55. Bd1 Kd6 56. Kf2 Nf6 57. Rxc5 Ne4+ 58. Kf3 Nxc5 59. Bc2 e5 60.
fxe5+ Kxe5 61. Ke3 Na4 62. Bxa4 bxa4 63. Kf3 f4 64. gxf4+ Kf5 65. Ke3 Kg4 66.
Ke4 Kxh4 67. f5 gxf5+ 68. Kxf5 Kg3 69. Ke4 h4 70. Kd4 h3 71. Kxc4 h2 72. Kb4
h1=Q 73. Kxa4 Qa8+ 74. Kb3 Qb7+ 75. Kc2 Kf4 76. b4 Ke5 77. a4 Kd5 78. a5 Kc4
0-1

[Event "ThEM  Hauptturnier"]
[Site "?"]
[Date "2000.04.23"]
[Round "8"]
[White "Buring, Matthias"]
[Black "Umpfenbach, Carolin"]
[Result "1/2-1/2"]
[WhiteElo "1904"]
[BlackElo "1882"]
[PlyCount "72"]
[EventDate "2000.??.??"]

1. d4 d5 2. c4 e6 3. Nc3 f5 4. Nf3 Nf6 5. Bg5 Be7 6. e3 O-O 7. Be2 c6 8. O-O
Nbd7 9. Rc1 Qe8 10. Bf4 Ne4 11. Ne5 Ndf6 12. f3 Nxc3 13. Rxc3 h6 14. h3 Bd6 15.
b3 b6 16. Bd3 c5 17. Ng6 Bxf4 18. Nxf4 cxd4 19. exd4 g5 20. Ne2 Bb7 21. c5 Rc8
22. b4 bxc5 23. bxc5 Bc6 24. Re1 Qd7 25. Nc1 Nh5 26. Ba6 Rce8 27. Nd3 Qc7 28.
Qc1 f4 29. Ne5 Ng3 30. Rb3 Rb8 31. Qb1 Nf5 32. Nxc6 Rxb3 33. Ne7+ Qxe7 34. Qxb3
Qf6 35. Rd1 Nxd4 36. Qa4 e5 1/2-1/2

[Event "ThEM  Hauptturnier"]
[Site "?"]
[Date "2000.04.23"]
[Round "8"]
[White "Taudte, Stefan"]
[Black "Petiko, Jakob"]
[Result "1-0"]
[WhiteElo "2003"]
[BlackElo "1888"]
[PlyCount "113"]
[EventDate "2000.??.??"]

1. d4 d6 2. c4 Nf6 3. Nc3 c6 4. e4 Qa5 5. Bd3 e5 6. d5 Be7 7. h3 O-O 8. Nge2
Nbd7 9. a3 Qc7 10. b4 a5 11. Be3 Re8 12. O-O Bf8 13. Qd2 g6 14. g4 h5 15. f3
Bg7 16. Kg2 Kh7 17. Rfd1 Bf8 18. Ng3 Be7 19. g5 Ng8 20. h4 f6 21. Rac1 axb4 22.
axb4 Nb6 23. c5 Na4 24. dxc6 bxc6 25. Nxa4 Rxa4 26. Bc2 Ra3 27. cxd6 Qd7 28.
Nf1 Bd8 29. Ra1 Qh3+ 30. Kg1 Rxa1 31. Rxa1 Kh8 32. Ra8 Bd7 33. Qg2 Qxh4 34. Bb3
fxg5 35. Ra7 Bh3 36. Qg3 Qxg3+ 37. Nxg3 Rf8 38. Rf7 Rxf7 39. Bxf7 Kg7 40. Be8
Nf6 41. Bxc6 Bd7 42. b5 Bxc6 43. bxc6 Ne8 44. c7 Nxc7 45. dxc7 Bxc7 46. Bxg5
Kf7 47. Ne2 Bd6 48. Nc3 Bb8 49. Nd5 Bd6 50. Kg2 Ke6 51. Kh3 Bb8 52. Kh4 Ba7 53.
Be3 Bb8 54. Bc5 Kf7 55. Kg5 Kg7 56. Ne7 Bc7 57. Nxg6 1-0

[Event "ThEM  Hauptturnier"]
[Site "?"]
[Date "2000.04.23"]
[Round "8"]
[White "Steinmetzer, Peter"]
[Black "Fuchs, Antje"]
[Result "0-1"]
[WhiteElo "1922"]
[BlackElo "2012"]
[PlyCount "80"]
[EventDate "2000.??.??"]

1. e4 c5 2. Nf3 d6 3. d4 cxd4 4. Nxd4 Nf6 5. Nc3 a6 6. Bg5 e6 7. f4 Nbd7 8. Qf3
Qc7 9. O-O-O b5 10. Bd3 b4 11. Nce2 Be7 12. g4 Nc5 13. Bxf6 Bxf6 14. g5 Bxd4
15. Nxd4 O-O 16. Rhe1 Rb8 17. Nb3 e5 18. f5 a5 19. Re3 a4 20. Nxc5 Qxc5 21. Bf1
Bb7 22. f6 b3 23. axb3 axb3 24. Rc3 Qg1 25. Bg2 Qa7 26. Rxb3 Qa1+ 27. Kd2 Qa5+
28. Kc1 Qa1+ 29. Kd2 Qa5+ 30. Qc3 Qa7 31. Qe3 Qa5+ 32. Ke2 Rfc8 33. Rd2 Ba6+
34. Kf2 Rxb3 35. cxb3 Qb4 36. Kg3 Rb8 37. Kh4 Bc8 38. Qc3 Qb6 39. Qd3 Qg1 40.
h3 Qe1+ 0-1

[Event "ThEM  Hauptturnier"]
[Site "?"]
[Date "2000.04.23"]
[Round "8"]
[White "Bächer, Reinhard"]
[Black "Krug, Klaus-Peter"]
[Result "0-1"]
[WhiteElo "1953"]
[BlackElo "1931"]
[PlyCount "100"]
[EventDate "2000.??.??"]

1. e4 c5 2. Nf3 d6 3. Bb5+ Nc6 4. c4 a6 5. Ba4 Bd7 6. O-O e5 7. Nc3 Nge7 8. d3
Qc7 9. h3 f6 10. a3 g5 11. Rb1 h5 12. Nh2 Nd4 13. Bxd7+ Qxd7 14. Be3 Ne6 15. b4
Kf7 16. Na4 Rd8 17. bxc5 dxc5 18. Nxc5 Nxc5 19. Bxc5 Qxd3 20. Qxd3 Rxd3 21.
Rxb7 Rc3 22. f3 Rxc4 23. Bb4 Ke6 24. Rb1 Nc6 25. Bxf8 Rxf8 26. R1b6 Rd8 27. Rb1
Rd3 28. Nf1 h4 29. R7b3 Rxb3 30. Rxb3 Na5 31. Rd3 Rc1 32. Kf2 Nc4 33. Ne3 Nxe3
34. Kxe3 a5 35. Rd8 Rb1 36. Rd2 Ra1 37. Rd3 Ra2 38. Rb3 Kd7 39. Rd3+ Kc6 40.
Rb3 Kc5 41. Rc3+ Kb5 42. Rd3 Kc4 43. Rd6 Rxg2 44. Rxf6 Ra2 45. Rf5 Rxa3+ 46.
Kf2 Kd4 47. Rxg5 Ra2+ 48. Kg1 a4 49. Rh5 a3 50. Rxh4 Rb2 0-1

[Event "ThEM  Hauptturnier"]
[Site "?"]
[Date "2000.04.23"]
[Round "8"]
[White "Thielen, Dieter"]
[Black "Gehlhaar, Christian"]
[Result "1/2-1/2"]
[WhiteElo "1881"]
[BlackElo "1775"]
[PlyCount "27"]
[EventDate "2000.??.??"]

1. e4 c5 2. Nf3 d6 3. d4 cxd4 4. Nxd4 Nf6 5. Nc3 g6 6. f4 Bg7 7. Be2 O-O 8. Be3
Nc6 9. Nxc6 bxc6 10. O-O Qa5 11. Qe1 Rd8 12. Rd1 Bg4 13. Bf3 Bxf3 14. gxf3
1/2-1/2

[Event "ThEM  Hauptturnier"]
[Site "?"]
[Date "2000.04.23"]
[Round "8"]
[White "Kreutzmann, Henry"]
[Black "Siegl, Detlef"]
[Result "1/2-1/2"]
[WhiteElo "1710"]
[BlackElo "1718"]
[PlyCount "51"]
[EventDate "2000.??.??"]

1. Nf3 Nf6 2. b3 g6 3. Bb2 Bg7 4. c4 O-O 5. Nc3 d6 6. g3 e5 7. Bg2 Nc6 8. O-O
Bg4 9. h3 Bxf3 10. Bxf3 Rb8 11. e3 Nd7 12. a3 Ne7 13. h4 h5 14. Ne4 Re8 15. Qc2
Nf6 16. Ng5 c6 17. d4 Qc7 18. Rad1 Nf5 19. dxe5 dxe5 20. Ne4 Nxe4 21. Qxe4 Nd6
22. Qc2 Re6 23. c5 Ne8 24. Rd2 Nf6 25. Rfd1 Rbe8 26. Rd6 1/2-1/2

[Event "ThEM  Hauptturnier"]
[Site "?"]
[Date "2000.04.23"]
[Round "8"]
[White "Pfitzenreuter, Gerald"]
[Black "Kirste, Olaf"]
[Result "1-0"]
[WhiteElo "2035"]
[BlackElo "1845"]
[PlyCount "55"]
[EventDate "2000.??.??"]

1. d4 d5 2. c4 e6 3. Nf3 Nf6 4. Nc3 Be7 5. Bg5 O-O 6. e3 h6 7. Bh4 b6 8. cxd5
exd5 9. Bd3 Bb7 10. Ne5 Nfd7 11. Bg3 c5 12. O-O Re8 13. Rc1 c4 14. Bb1 Nxe5 15.
dxe5 Bc5 16. Qc2 g6 17. Nb5 Re6 18. Nd4 Bxd4 19. exd4 Nc6 20. Qd2 Kh7 21. f4 f5
22. exf6 Rxf6 23. f5 g5 24. Be5 Qe7 25. Rce1 Nxe5 26. dxe5 Qc5+ 27. Kh1 Rff8
28. f6+ 1-0

[Event "ThEM  Hauptturnier"]
[Site "?"]
[Date "2000.04.23"]
[Round "8"]
[White "Lange, Corinna"]
[Black "Peil, Jörg"]
[Result "0-1"]
[WhiteElo "1747"]
[BlackElo "1817"]
[PlyCount "84"]
[EventDate "2000.??.??"]

1. e4 c6 2. d4 d5 3. Nc3 dxe4 4. Nxe4 Bf5 5. Ng3 Bg6 6. h4 h6 7. Nf3 e6 8. h5
Bh7 9. Bd3 Bxd3 10. Qxd3 Nf6 11. Qe2 Bd6 12. Nf5 Qa5+ 13. Bd2 Qxf5 14. O-O-O
Nbd7 15. Be3 Bf4 16. Nd2 Bxe3 17. fxe3 O-O-O 18. Rdf1 Qd5 19. Kb1 e5 20. Nc4
exd4 21. Rd1 d3 22. cxd3 Nb6 23. Nxb6+ axb6 24. e4 Qe5 25. Qe3 Rd4 26. Rhf1
Rhd8 27. Rf5 Qe6 28. Qf3 R8d7 29. g4 Nh7 30. Rf4 Ng5 31. Qf1 Qd6 32. Kc2 Qc5+
33. Kb1 Qb5 34. Rf5 c5 35. Re5 Ne6 36. Kc2 Qa4+ 37. Kb1 Qa6 38. Rd5 R4xd5 39.
exd5 Nd4 40. d6 b5 41. Rc1 Qxd6 42. b4 Nc6 0-1

[Event "ThEM  Hauptturnier"]
[Site "?"]
[Date "2000.04.23"]
[Round "8"]
[White "Gebuhr, Günter"]
[Black "Grüner, Nico"]
[Result "1-0"]
[WhiteElo "1858"]
[BlackElo "1089"]
[PlyCount "39"]
[EventDate "2000.??.??"]

1. e4 c5 2. Nf3 Nc6 3. d4 cxd4 4. Nxd4 g6 5. Nc3 Bg7 6. Be3 Nf6 7. Nxc6 bxc6 8.
e5 Ng8 9. f4 e6 10. Bc4 Ne7 11. Ne4 Nf5 12. Bc5 Qa5+ 13. c3 Ba6 14. b4 Ne3 15.
Bxe3 Qa3 16. Bxa6 Qxa6 17. Nd6+ Ke7 18. Bc5 f6 19. Nf5+ Kf7 20. Qxd7+ 1-0

[Event "ThEM  Hauptturnier"]
[Site "?"]
[Date "2000.04.23"]
[Round "8"]
[White "Manger, Erika"]
[Black "Böhl, Dietmar"]
[Result "0-1"]
[WhiteElo "1310"]
[BlackElo "1800"]
[PlyCount "76"]
[EventDate "2000.??.??"]

1. c4 g6 2. Nc3 Bg7 3. g3 c5 4. Bg2 Nc6 5. e3 e6 6. Nge2 Nge7 7. O-O Nf5 8. e4
Nfd4 9. d3 d6 10. Be3 O-O 11. Qd2 a6 12. Bh6 Qc7 13. Bxg7 Kxg7 14. Nxd4 cxd4
15. Ne2 e5 16. f4 f5 17. fxe5 dxe5 18. exf5 Bxf5 19. g4 Bxg4 20. Ng3 Rf4 21.
Rxf4 exf4 22. Ne4 f3 23. h3 Bh5 24. Bh1 Rf8 25. Rf1 Qe7 26. a3 Ne5 27. Qf2 Qd7
28. Qg3 Rf5 29. Nc5 Qe7 30. Ne4 h6 31. h4 Qf8 32. Qf2 Qd8 33. Ng3 Rf4 34. Nxh5+
gxh5 35. Qh2 Rg4+ 36. Kf2 Qf6 37. Rd1 Rxh4 38. Qg3+ Ng4+ 0-1

[Event "ThEM  Meisterturnier"]
[Site "?"]
[Date "2000.04.23"]
[Round "8"]
[White "Fischer, Kay"]
[Black "Hänsel, Thomas"]
[Result "1/2-1/2"]
[WhiteElo "2009"]
[BlackElo "2221"]
[PlyCount "90"]
[EventDate "2000.??.??"]

1. e4 c5 2. c3 d5 3. exd5 Qxd5 4. d4 Nf6 5. Nf3 Bg4 6. Be2 e6 7. O-O Nc6 8. h3
Bh5 9. Be3 cxd4 10. cxd4 Bb4 11. Nc3 Qd6 12. a3 Ba5 13. g3 O-O 14. b4 Bb6 15.
Na4 Nd5 16. Kg2 Bc7 17. Qd2 b6 18. Nc3 Nxc3 19. Qxc3 Bd8 20. Rac1 Ne7 21. Ng1
Bxe2 22. Nxe2 Nd5 23. Qc6 Qxc6 24. Rxc6 Bf6 25. Rfc1 Rfd8 26. Nc3 Ne7 27. Rc7
Kf8 28. Ne2 Nd5 29. Rb7 Rdb8 30. Rxb8+ Rxb8 31. Nf4 Rd8 32. Nxd5 Rxd5 33. Kf3
Ke7 34. Rc7+ Rd7 35. Rxd7+ Kxd7 36. b5 Be7 37. a4 Kd6 38. Ke4 f5+ 39. Kd3 Kd5
40. f3 Bd6 41. g4 g6 42. Bh6 Bg3 43. Bg7 h5 44. gxh5 gxh5 45. Bf6 Bc7 1/2-1/2

[Event "ThEM  Meisterturnier"]
[Site "?"]
[Date "2000.04.23"]
[Round "8"]
[White "Sieber, Stephan"]
[Black "Manger, Hans-Gerald"]
[Result "1-0"]
[WhiteElo "2005"]
[BlackElo "2011"]
[PlyCount "95"]
[EventDate "2000.??.??"]

1. e4 c5 2. Nf3 e6 3. d4 cxd4 4. Nxd4 a6 5. c4 d6 6. Be3 Nf6 7. Nc3 g6 8. Be2
Bg7 9. Qd2 O-O 10. Bh6 Nbd7 11. h4 Re8 12. Bxg7 Kxg7 13. h5 Qe7 14. g4 d5 15.
hxg6 fxg6 16. f4 Nxe4 17. Nxe4 dxe4 18. f5 exf5 19. gxf5 e3 20. Qc3 Nf6 21.
fxg6 hxg6 22. O-O-O Qe5 23. Rdg1 Be6 24. Bh5 Bf7 25. Qd3 Nxh5 26. Nf5+ Kf6 27.
Nh6 Ke7 28. Nxf7 Qe6 29. Rxg6 Nf6 30. Rg7 Kf8 31. Ng5 Kxg7 32. Nxe6+ Rxe6 33.
Rg1+ Kf8 34. Qg6 Ke7 35. Qg7+ Kd6 36. Qxb7 Rae8 37. Qxa6+ Ke5 38. Qb5+ Ke4 39.
Kc2 e2 40. Re1 Kf4 41. c5 Ng4 42. Qd3 Re5 43. Kd2 Re3 44. Qd6+ Kf3 45. Qd5+
R8e4 46. c6 Nf6 47. Qf5+ Rf4 48. Qh3+ 1-0

[Event "ThEM  Meisterturnier"]
[Site "?"]
[Date "2000.04.23"]
[Round "8"]
[White "Pähtz, Thomas"]
[Black "Seidel, Thomas"]
[Result "1/2-1/2"]
[WhiteElo "2213"]
[BlackElo "1923"]
[PlyCount "55"]
[EventDate "2000.??.??"]

1. e4 c6 2. d4 d5 3. exd5 cxd5 4. c4 dxc4 5. Bxc4 e6 6. Nf3 Nf6 7. Nc3 Be7 8.
O-O O-O 9. Re1 Nc6 10. a3 b6 11. Bf4 Bb7 12. Qd3 Na5 13. Ba2 Bxf3 14. Qxf3 Rc8
15. d5 Nxd5 16. Nxd5 exd5 17. Bxd5 Bd6 18. Rad1 Bxf4 19. Qxf4 Qc7 20. Qe4 Qc2
21. Qg4 Qxb2 22. Bxf7+ Kh8 23. Re3 Rc1 24. Red3 Nc6 25. Qh4 Rxd1+ 26. Rxd1 Qxa3
27. Bg6 h6 28. Bb1 1/2-1/2

[Event "ThEM  Hauptturnier"]
[Site "?"]
[Date "2000.04.24"]
[Round "9"]
[White "Umpfenbach, Carolin"]
[Black "Rudnizki, Sergej"]
[Result "1/2-1/2"]
[WhiteElo "1882"]
[BlackElo "1975"]
[PlyCount "31"]
[EventDate "2000.??.??"]

1. d4 Nf6 2. c4 g6 3. Nc3 Bg7 4. e4 d6 5. f3 O-O 6. Be3 a6 7. Qd2 c6 8. a4 Nbd7
9. Nge2 e5 10. Rb1 a5 11. Nc1 Qc7 12. d5 Ne8 13. Be2 f5 14. O-O f4 15. Bf2 c5
16. g3 1/2-1/2

[Event "ThEM  Hauptturnier"]
[Site "?"]
[Date "2000.04.24"]
[Round "9"]
[White "Gebuhr, Günter"]
[Black "Pfitzenreuter, Gerald"]
[Result "0-1"]
[WhiteElo "1858"]
[BlackElo "2035"]
[PlyCount "42"]
[EventDate "2000.??.??"]

1. e4 c5 2. Nf3 d6 3. d4 cxd4 4. Nxd4 Nf6 5. Nc3 g6 6. Be3 Bg7 7. f3 O-O 8. Qd2
Nc6 9. Bc4 Bd7 10. O-O-O Ne5 11. Bb3 Rc8 12. g4 Nc4 13. Bxc4 Rxc4 14. Bh6 Nxe4
15. fxe4 Rxd4 16. Qxd4 Bxd4 17. Rxd4 Re8 18. Rhd1 Bxg4 19. R1d2 Qa5 20. e5 Qxe5
21. Rxg4 Qh5 0-1

[Event "ThEM  Hauptturnier"]
[Site "?"]
[Date "2000.04.24"]
[Round "9"]
[White "Grüner, Nico"]
[Black "Lange, Corinna"]
[Result "0-1"]
[WhiteElo "1089"]
[BlackElo "1747"]
[PlyCount "66"]
[EventDate "2000.??.??"]

1. e4 e6 2. d4 d5 3. exd5 exd5 4. Nf3 Bf5 5. Be2 Bd6 6. O-O Nf6 7. Be3 O-O 8.
Nbd2 Nbd7 9. Nh4 Bg6 10. Nxg6 hxg6 11. f4 Re8 12. Bf2 Bxf4 13. Bh4 Be3+ 14. Bf2
Qe7 15. Bd3 a6 16. Kh1 Bxf2 17. Rxf2 Qe3 18. Rf1 Qxd4 19. Qf3 Ne5 20. Qh3 Nfg4
21. Qg3 Nxd3 22. cxd3 Ne5 23. Nb3 Qxd3 24. Qh4 b6 25. Rad1 Qe2 26. Qd4 Rad8 27.
Rde1 Qh5 28. Rf4 c5 29. Qd2 d4 30. Nc1 Nc4 31. Rxe8+ Rxe8 32. Qf2 Qd1+ 33. Qf1
Re1 0-1

[Event "ThEM Meisterturnier"]
[Site "?"]
[Date "2002.??.??"]
[Round "1"]
[White "Holzschuh, Stephan"]
[Black "Hänsel, Thomas"]
[Result "0-1"]
[WhiteElo "2071"]
[BlackElo "2269"]
[PlyCount "62"]
[EventDate "2002.??.??"]

1. e4 c5 2. Nf3 d6 3. d4 cxd4 4. Nxd4 Nf6 5. Nc3 a6 6. Be3 e5 7. Nb3 Be6 8. f3
Nbd7 9. g4 h6 10. Qd2 b5 11. Qf2 Be7 12. h4 b4 13. Ne2 d5 14. O-O-O d4 15. Bd2
a5 16. Rg1 a4 17. Nbxd4 exd4 18. Nxd4 Qb6 19. g5 hxg5 20. hxg5 b3 21. cxb3 axb3
22. a3 Bxa3 23. gxf6 Bd6 24. Bd3 Ra1+ 25. Bb1 Qa7 26. Be3 Qa2 27. Kd2 Bb4+ 28.
Ke2 Rxb1 29. Rxb1 Bc4+ 30. Kd1 Qxb1+ 31. Bc1 Qd3+ 0-1

[Event "ThEM Meisterturnier"]
[Site "?"]
[Date "2002.03.27"]
[Round "1"]
[White "Fischer, Kay"]
[Black "Seidel, Thomas"]
[Result "1/2-1/2"]
[WhiteElo "2154"]
[BlackElo "2043"]
[PlyCount "85"]
[EventDate "2002.??.??"]

1. d4 e6 2. e4 d5 3. Nc3 Nf6 4. e5 Nfd7 5. f4 c5 6. Nf3 Nc6 7. Be3 a6 8. Qd2
cxd4 9. Nxd4 Bc5 10. O-O-O Bxd4 11. Bxd4 Nxd4 12. Qxd4 Qb6 13. Ne2 Qa5 14. Kb1
Nb8 15. Qd2 Qxd2 16. Rxd2 Nc6 17. Nd4 Nxd4 18. Rxd4 Bd7 19. Be2 O-O 20. c4 Bc6
21. Bf3 dxc4 22. Bxc6 bxc6 23. Rc1 f6 24. exf6 Rxf6 25. Rdxc4 Re8 26. a3 a5 27.
g3 e5 28. Re1 Kf7 29. fxe5 Rf2 30. Rf4+ Rxf4 31. gxf4 Ke6 32. Re4 Kf5 33. Rc4
g5 34. fxg5 Kxg5 35. Rc5 Kg4 36. Rxa5 h5 37. Rc5 Kh3 38. e6 h4 39. Rxc6 Kxh2
40. b4 h3 41. b5 Kg3 42. Rc3+ Kg2 43. Rc2+ 1/2-1/2

[Event "ThEM Meisterturnier"]
[Site "?"]
[Date "2002.03.27"]
[Round "1"]
[White "Müller, Matthias"]
[Black "Krämer, Martin"]
[Result "1-0"]
[WhiteElo "2415"]
[BlackElo "2132"]
[PlyCount "55"]
[EventDate "2002.??.??"]

1. e4 c5 2. Nf3 Nc6 3. d4 cxd4 4. Nxd4 g6 5. c4 Bg7 6. Be3 Nf6 7. Nc3 Ng4 8.
Qxg4 Nxd4 9. Qd1 e5 10. Bd3 O-O 11. O-O d6 12. a4 a6 13. a5 Be6 14. Qa4 Rc8 15.
Nd5 f5 16. Bxd4 exd4 17. Nb6 Rc7 18. exf5 Bxf5 19. Bxf5 Rxf5 20. Rae1 Re7 21.
Qb4 Rxe1 22. Rxe1 Be5 23. g3 Rf3 24. c5 Qc7 25. Qc4+ Kg7 26. cxd6 Qxd6 27. Qe2
Rf5 28. Nc4 1-0

[Event "ThEM Meisterturnier"]
[Site "?"]
[Date "2002.??.??"]
[Round "2"]
[White "Goemann, Jens"]
[Black "Deuter, Lutz"]
[Result "1/2-1/2"]
[WhiteElo "2197"]
[BlackElo "2041"]
[PlyCount "24"]
[EventDate "2002.??.??"]

1. c4 Nf6 2. g3 d5 3. cxd5 Nxd5 4. Bg2 c5 5. Nc3 Nc7 6. d3 e5 7. f4 exf4 8.
Bxf4 Bd6 9. Qd2 Bxf4 10. Qxf4 O-O 11. Nf3 Nc6 12. O-O Ne6 1/2-1/2

[Event "ThEM Meisterturnier"]
[Site "?"]
[Date "2002.03.28"]
[Round "2"]
[White "Seidel, Thomas"]
[Black "Müller, Matthias"]
[Result "0-1"]
[WhiteElo "2043"]
[BlackElo "2415"]
[PlyCount "90"]
[EventDate "2002.??.??"]

1. e4 e5 2. Nf3 Nc6 3. Bc4 Nf6 4. d3 Bc5 5. O-O d6 6. h3 Bb6 7. Nc3 Be6 8. Nd5
Bxd5 9. Bxd5 Nxd5 10. exd5 Ne7 11. c4 O-O 12. Be3 Nf5 13. Bxb6 axb6 14. Qd2 Re8
15. a4 Qd7 16. b3 Ne7 17. Rae1 Ng6 18. Kh2 Re7 19. g3 h6 20. Ng1 Rae8 21. f3 c6
22. dxc6 bxc6 23. d4 Qb7 24. dxe5 dxe5 25. Re3 f5 26. Ne2 f4 27. gxf4 exf4 28.
Rxe7 Qxe7 29. Rf2 Rd8 30. Qc2 Qe3 31. Ng1 Ne5 32. b4 Qd4 33. a5 Nxc4 34. axb6
Nxb6 35. Rg2 Nd5 36. Qxc6 Ne3 37. Qe6+ Kh8 38. Ra2 Qxb4 39. Kh1 Qd4 40. Qc6 Kh7
41. Ra8 Nf5 42. Ra2 Rd6 43. Qb5 Ng3+ 44. Kg2 Rb6 45. Ne2 Qd1 0-1

[Event "ThEM Meisterturnier"]
[Site "?"]
[Date "2002.03.28"]
[Round "2"]
[White "Hänsel, Thomas"]
[Black "Fischer, Kay"]
[Result "1-0"]
[WhiteElo "2269"]
[BlackElo "2154"]
[PlyCount "73"]
[EventDate "2002.??.??"]

1. e4 e6 2. d4 d5 3. Nc3 Nf6 4. e5 Nfd7 5. f4 c5 6. Nf3 Nc6 7. Be3 Qb6 8. Na4
Qa5+ 9. c3 c4 10. b4 Qa6 11. a3 b5 12. Nc5 Bxc5 13. dxc5 f6 14. Nd4 Nxd4 15.
Bxd4 fxe5 16. fxe5 O-O 17. Be2 Rf5 18. Bg4 Rf4 19. Bf3 Qc6 20. a4 bxa4 21. Qxa4
Qc7 22. Qa5 Qb8 23. O-O Bb7 24. Qb5 Qc7 25. g3 Rf7 26. Bg4 Rxf1+ 27. Rxf1 Re8
28. Ra1 a6 29. Rxa6 Bxa6 30. Qxa6 Kf7 31. Qd6 Qxd6 32. exd6 e5 33. Bxd7 exd4
34. Bxe8+ Kxe8 35. Kf2 dxc3 36. Ke2 d4 37. c6 1-0

[Event "ThEM Meisterturnier"]
[Site "?"]
[Date "2002.03.28"]
[Round "2"]
[White "Aepfler, Christian"]
[Black "Holzschuh, Stephan"]
[Result "0-1"]
[WhiteElo "2275"]
[BlackElo "2071"]
[PlyCount "75"]
[EventDate "2002.??.??"]

1. e4 c5 2. c3 Nf6 3. e5 Nd5 4. Nf3 e6 5. d4 cxd4 6. cxd4 b6 7. a3 Bb7 8. Bd3
d6 9. O-O Nd7 10. Nbd2 Be7 11. Re1 O-O 12. Ne4 dxe5 13. dxe5 h6 14. Qe2 Qc7 15.
Ng3 Nc5 16. Bb1 Ba6 17. Qc2 Bd3 18. Qd1 Bc4 19. Bxh6 Rfd8 20. Nd2 Bd3 21. Qg4
g6 22. h4 Bxb1 23. Raxb1 Nd3 24. h5 Nxe5 25. Qe4 Nf6 26. Qxe5 Qxe5 27. Rxe5 Ng4
28. Re4 Nxh6 29. Nf3 g5 30. Rbe1 Rac8 31. R4e2 Ng4 32. Ne5 Nf6 33. Ne4 Nxh5 34.
g3 Ng7 35. Nf3 Nf5 36. Nfxg5 Nd4 37. Re3 Nc2 38. Nf3 {ZUe} 0-1

[Event "ThEM Meisterturnier"]
[Site "?"]
[Date "2002.03.28"]
[Round "3"]
[White "Holzschuh, Stephan"]
[Black "Goemann, Jens"]
[Result "1/2-1/2"]
[WhiteElo "2071"]
[BlackElo "2197"]
[PlyCount "54"]
[EventDate "2002.??.??"]

1. e4 e6 2. d4 d5 3. e5 c5 4. c3 Nc6 5. Nf3 Bd7 6. Bd3 cxd4 7. cxd4 Qb6 8. O-O
Nxd4 9. Nxd4 Qxd4 10. Nc3 a6 11. Qe2 Ne7 12. Kh1 Nc6 13. f4 Nb4 14. Rd1 Nxd3
15. Rxd3 Qb6 16. Be3 Bc5 17. Bxc5 Qxc5 18. Qg4 O-O-O 19. Ne4 dxe4 20. Rc3 Qxc3
21. bxc3 Bc6 22. h3 g6 23. Rd1 h5 24. Rxd8+ Rxd8 25. Qe2 Rd3 26. c4 Rg3 27. Qe1
Rd3 1/2-1/2

[Event "ThEM Meisterturnier"]
[Site "?"]
[Date "2002.03.28"]
[Round "3"]
[White "Fischer, Kay"]
[Black "Aepfler, Christian"]
[Result "1/2-1/2"]
[WhiteElo "2154"]
[BlackElo "2275"]
[PlyCount "87"]
[EventDate "2002.??.??"]

1. d4 d6 2. e4 Nf6 3. Nc3 e5 4. Nf3 Nbd7 5. Be2 Be7 6. h3 c6 7. dxe5 dxe5 8.
Be3 Qa5 9. O-O O-O 10. Nd2 Qc7 11. Nb3 Rd8 12. Bg4 Nxg4 13. Qxg4 Nf8 14. Qg3
Ng6 15. Rfd1 Be6 16. Nc5 Rxd1+ 17. Rxd1 Bc8 18. Nd3 b6 19. Ne1 Be6 20. Nf3 f6
21. b3 Rd8 22. Nd4 Bc8 23. Nde2 Rxd1+ 24. Nxd1 Qd8 25. Nec3 f5 26. Qf3 f4 27.
Bc1 Ba6 28. Nb2 Bc5 29. Nd3 Bd6 30. Bb2 Bc8 31. Ne1 Qe7 32. Qd3 Be6 33. Nf3 h6
34. Ne2 Qc7 35. Kf1 b5 36. Nd2 a6 37. c4 Bc5 38. cxb5 axb5 39. Nf3 Bd6 40. Qc3
b4 41. Qd3 Bc5 42. Nc1 Bd6 43. Nd2 Kh7 44. Nf3 1/2-1/2

[Event "ThEM Meisterturnier"]
[Site "?"]
[Date "2002.03.28"]
[Round "3"]
[White "Müller, Matthias"]
[Black "Hänsel, Thomas"]
[Result "1/2-1/2"]
[WhiteElo "2415"]
[BlackElo "2269"]
[PlyCount "29"]
[EventDate "2002.??.??"]

1. e4 c5 2. Nf3 d6 3. d4 cxd4 4. Nxd4 Nf6 5. Nc3 a6 6. Bg5 e6 7. f4 Nbd7 8. Qf3
Qc7 9. O-O-O b5 10. a3 Bb7 11. f5 e5 12. Nb3 h6 13. Bxf6 Nxf6 14. g4 O-O-O 15.
h4 1/2-1/2